00439nam a2200157Ia 4500003000900000008004100009020001800050040001600068080001700084100002000101245005900121260004400180300001700224650001600241650002400257IN-BaIIA211028s9999 xx 000 0 eng d a88-7830-371-2 cIIA Library a524.834bLOI aLoinger, Angelo 0aOn Black holes and gravitational wavescAngelo Loinger aViale GolgibLa Goliardica Pavesec2002 axxiii, 129p. aBlack holes aGravitational waves